| 000 | 01525nas a2200373 a 4500 | ||
|---|---|---|---|
| 001 | 295418 | ||
| 003 | BLK | ||
| 005 | 20250714153639.0 | ||
| 008 | 180413b bul rap|r|||| |0| c1bulo| | ||
| 010 | _aPRD00005459002 | ||
| 022 | _a0032-0528 | ||
| 040 | _aBLK | ||
| 041 |
_aBUL _cBUL |
||
| 080 |
_aБългарска литература _b821.163.2 _x-1/-9 _z821.163.2-1/-9 |
||
| 080 |
_aОбща теория на изкуството. Естетика на изкуството _b7.01 _z7.01 |
||
| 245 | 1 | 0 |
_aПламък : списание - алманах за литература, изкуство и публицистика _cСБП ; Ред. кол.: Димитър Танев - глав. ред. и др. _fГод. 16(51), № 1 (2008) - |
| 257 | _aBGR | ||
| 260 |
_aСофия _bИК Списание Пламък _c1957 _fП. П. Братя Апостолови ООД |
||
| 300 | _c23 см | ||
| 362 | _aГод. 16(51), № 1 (2008) - | ||
| 380 | _aX | ||
| 500 | _aзабележка:Основ. от Гео Милев през 1924 г. Заб.: От 2008 г. номерацията на годишнината е нова - 16(51). | ||
| 852 | _aА 950 | ||
| 856 |
_qpdf _u |
||
| 856 |
_qpdf _u |
||
| 942 |
_cJOU _n0 _s1 _027 |
||
| 944 |
_aCR _cЛюбомир_Делиганев _k30558 _lВаля Йорданова |
||
| 944 |
_aED _cГеновева_Генчева _k02.04.2018 |
||
| 999 |
_c295418 _d295418 |
||
| 999 | _d295418 | ||
| 999 | _d295418 | ||
| 999 | _d295418 | ||
| 999 | _d295418 | ||
| 999 | _d295418 | ||